| 000 | 00000nam 2200000zi 4500 |
| 001 | 9.912852 |
| 003 | CaOODSP |
| 005 | 20230119132737 |
| 006 | m o d f |
| 007 | cr cn||||||||| |
| 008 | 220628t20222022quc o f000 0 fre d |
| 020 | |a9780660442969 |
| 040 | |aCaOODSP|bfre|erda|cCaOODSP |
| 043 | |an-cn--- |
| 086 | 1 |aP54-3/2022F-PDF |
| 245 | 00|aSondage sur la rétroaction du service à la clientèle, 2021-2022. |
| 264 | 1|aGatineau QC : |bServices publics et approvisionnement Canada, |c2022. |
| 264 | 4|c©2022 |
| 300 | |a1 ressource en ligne (34 pages) + |esommaire exécutif (3 pages) |
| 336 | |atexte|btxt|2rdacontent/fre |
| 337 | |ainformatique|bc|2rdamedia/fre |
| 338 | |aressource en ligne|bcr|2rdacarrier/fre |
| 500 | |aPublié aussi en anglais sous le titre : Client service feedback survey, 2021-2022. |
| 500 | |a« Numéro de contrat : EP082-212778/001/CY. » |
| 500 | |a« Numéro d’enregistrement : POR 130-20. » |
| 650 | 6|aConsommateurs|xSatisfaction|zCanada|xOpinion publique. |
| 650 | 6|aOpinion publique|zCanada. |
| 710 | 1 |aCanada. |bServices publics et approvisionnement Canada, |eorganisme de publication. |
| 710 | 2 |aAdvanis (Firme), |eorganisme de publication. |
| 775 | 08|tClient service feedback survey, 2021-2022. |w(CaOODSP)9.912853 |
| 794 | |tSondage sur la rétroaction du service à la clientèle, #002.|w(CaOODSP)9.916018 |
| 856 | 40|qPDF|s1.11 Mo|uhttps://publications.gc.ca/collections/collection_2022/spac-pspc/P54-3-2022-fra.pdf|zRapport |
| 856 | 40|qPDF|s300 Ko|uhttps://publications.gc.ca/collections/collection_2022/spac-pspc/P54-3-2022-1-fra.pdf|zSommaire exécutif |